Finančná analýza podniku

Uložené v:
Podrobná bibliografia
Hlavný autor: Kalafutová, Ľudmila
Médium: Kapitola
Jazyk:Slovak
Tagy: Pridať tag
Žiadne tagy, Buďte prvý, kto otaguje tento záznam!

MARC

LEADER 00000naa$a2200000$$$4500
001 0063213
005 20240502071726.6
041 0 |a slo 
044 |a SK 
245 1 0 |a Finančná analýza podniku  |c Ľudmila Kalafutová 
100 1 |a Kalafutová, Ľudmila